00338nam a2200121Ia 4500008004100000041001200041082001100053100001600064245007900080260004200159300000800201650000700209221030s9999 xx 000 0 und d aEnglish a105.23 aA. T. Starr 0aGeneration, Transmission & Utilization of Electrical Powercby A. T. Starr bSir Isaac Pitman & sonsaLondonc1953 a517 aEE